Forensic Analysis of Resilient File System in Windows Server 2012 (Record no. 540809)
[ view plain ]
| 000 -LEADER | |
|---|---|
| fixed length control field | 00446nam a22001577a 4500 |
| 003 - CONTROL NUMBER IDENTIFIER | |
| control field | NUST |
| 038 ## - RECORD CONTENT LICENSOR | |
| Staff Name | Saba |
| 082 ## - DEWEY DECIMAL CLASSIFICATION NUMBER | |
| Classification number | 004 |
| Author Mark | MCS |
| 100 ## - MAIN ENTRY--PERSONAL NAME | |
| Personal name | Iqbal, Aemun |
| 9 (RLIN) | 35024 |
| 245 ## - TITLE STATEMENT | |
| Title | Forensic Analysis of Resilient File System in Windows Server 2012 |
| Statement of responsibility, etc. | Aemun Iqbal |
| 260 ## - PUBLICATION, DISTRIBUTION, ETC. | |
| Place of publication, distribution, etc. | Islamabad: |
| Name of publisher, distributor, etc. | MCS-NUST, |
| Date of publication, distribution, etc. | 2016. |
| 300 ## - PHYSICAL DESCRIPTION | |
| Extent | 86p. |
| 650 ## - SUBJECT ADDED ENTRY--TOPICAL TERM | |
| Topical term or geographic name entry element | Information Security - Forensic Analysis |
| 9 (RLIN) | 35025 |
| 700 ## - ADDED ENTRY--PERSONAL NAME | |
| Personal name | Dr. Imran Rashid |
| 9 (RLIN) | 35026 |
| 942 ## - ADDED ENTRY ELEMENTS (KOHA) | |
| Source of classification or shelving scheme | |
| Koha item type | Thesis |
| Withdrawn status | Lost status | Source of classification or shelving scheme | Damaged status | Not for loan | Permanent Location | Current Location | Date acquired | Total Checkouts | Full call number | Barcode | Date last seen | Price effective from | Koha item type | Shelving location |
|---|---|---|---|---|---|---|---|---|---|---|---|---|---|---|
| Central Library (CL) | Central Library (CL) | 11/10/2020 | 004 MCS | CL-T-948 | 11/10/2020 | 11/10/2020 | Thesis | |||||||
| Central Library (CL) | Central Library (CL) | 11/18/2020 | 004 MCS | CL-T-1321 | 11/18/2020 | 11/18/2020 | Thesis | Thesis |
